Control of partial differential equations

Αποθηκεύτηκε σε:
Λεπτομέρειες βιβλιογραφικής εγγραφής
Άλλοι συγγραφείς: Da Prato, Giuseppe (Επιμελητής έκδοσης), Tubaro, L. (Luciano), 1947- (Επιμελητής έκδοσης)
Μορφή: Βιβλίο
Γλώσσα:English
Δημοσίευση: New York : Marcel Dekker, c1994.
Σειρά:Lecture notes in pure and applied mathematics ; 165
Θέματα:
Ετικέτες: Προσθήκη ετικέτας
Δεν υπάρχουν, Καταχωρήστε ετικέτα πρώτοι!

MARC

LEADER 00000cam a2200000 i 4500
001 1/48203
008 950726s1994 nyu ||| | eng||
020 |a 0824792408 
035 |1 ΕΛΗ  |a 1995  |b 1807  |c ΑΥΓΕΡΙΝΟΣ  |l 10043273 
040 |a GR-MyUA  |b gre  |e AACR2 
041 0 |a eng 
082 0 |a 515.353  
245 1 0 |a Control of partial differential equations /   |c edited by Giuseppe Da Prato, Luciano Tubaro.  
260 |a New York :   |b Marcel Dekker,   |c c1994.  
300 |a 279 σ. ;   |c 25 εκ.  
490 1 |a (Lecture notes in pure and applied mathematics   |v ; 165) 
500 |a Papers from the IFIP WG 7.2 Conference held jan. 4-9, 1993, at Villa Madruzzo, Trento 
504 |a Περιέχει βιβλιογραφικές αναφορές.  
650 0 0 |a Differential equations, Partial  |x Congresses. 
650 0 0 |a Control theory  |x Congresses. 
700 1 |a Da Prato, Giuseppe,  |e edt 
700 1 |a Tubaro, L.   |q (Luciano),   |d 1947-  |e edt 
830 0 |a Lecture notes in pure and applied mathematics ;  |v  165 
852 |a INST  |b SAMOS  |e 19950726  |h 515.353 CON  |p 005300010061  |q 005300010061  |t BK  |y 0 
909 |a Σ  |b 043676